[Event "Caxambu Casa do Xadrez op"]
[Site "Caxambu"]
[Date "2022.07.24"]
[Round "5"]
[White "Abrantes, Tiago Garrido"]
[Black "Lapertosa Viana, Julio"]
[Result "1-0"]
[WhiteElo "2191"]
[BlackElo "1959"]
[PlyCount "47"]
[EventDate "2022.07.22"]
[EventType "swiss"]
[EventRounds "6"]
[EventCountry "BRA"]
[SourceTitle "CBM 209 Extra"]
[Source "ChessBase"]
[SourceDate "2022.09.30"]
[SourceVersion "1"]
[SourceVersionDate "2022.09.30"]
[SourceQuality "1"]

1. d4 d5 2. c4 e6 3. Nc3 Nf6 4. cxd5 exd5 5. Bg5 Be7 6. e3 0-0 7. Bd3 c6 8. Qc2 Nbd7 9. Nge2 Re8 10. 0-0 Nf8 11. f3 Nh5 12. Bxe7 Qxe7 13. e4 dxe4 14. fxe4 Qg5 15. Kh1 Be6 16. e5 Rad8 17. Ne4 Qg4 18. Rf2 Ng6 19. Raf1 Bd5 20. Nd6 Rxd6 21. exd6 Nh4 22. Nc3 Ng3+ 23. hxg3 Qh3+ 24. Kg1 1-0

[Event "Caxambu Casa do Xadrez op"]
[Site "Caxambu"]
[Date "2022.07.23"]
[Round "4"]
[White "Haddad Filho, Paulo Ibrahim"]
[Black "Abrantes, Tiago Garrido"]
[Result "0-1"]
[WhiteElo "1857"]
[BlackElo "2191"]
[PlyCount "70"]
[EventDate "2022.07.22"]
[EventType "swiss"]
[EventRounds "6"]
[EventCountry "BRA"]
[SourceTitle "CBM 209 Extra"]
[Source "ChessBase"]
[SourceDate "2022.09.30"]
[SourceVersion "1"]
[SourceVersionDate "2022.09.30"]
[SourceQuality "1"]

1. d4 Nf6 2. Nf3 g6 3. c4 Bg7 4. Nc3 d5 5. cxd5 Nxd5 6. e4 Nxc3 7. bxc3 c5 8. Rb1 0-0 9. Bc4 Nc6 10. Bd5 cxd4 11. cxd4 Bg4 12. 0-0 Nxd4 13. Be3 Bxf3 14. gxf3 e6 15. Bxd4 Bxd4 16. Qxd4 exd5 17. Rxb7 Qg5+ 18. Kh1 Qh5 19. Kg2 dxe4 20. Qxe4 Rae8 21. Qg4 Qc5 22. Qb4 Qg5+ 23. Qg4 Qa5 24. Qd4 a6 25. Rb2 h5 26. a4 Qg5+ 27. Kh1 Qf5 28. Rb3 Rd8 29. Qc4 Qf6 30. a5 Rd4 31. Qc7 Rfd8 32. Qg3 Qf5 33. Rb6 h4 34. Qg2 h3 35. Qg3 Rd1 0-1

[Event "Rio de Janeiro op"]
[Site "Rio de Janeiro"]
[Date "2022.04.23"]
[Round "4"]
[White "De Carvalho, Vitor Augusto Ponci"]
[Black "Abrantes, Tiago Garrido"]
[Result "0-1"]
[WhiteElo "1904"]
[BlackElo "2178"]
[PlyCount "84"]
[EventDate "2022.04.21"]
[EventType "swiss"]
[EventRounds "6"]
[EventCountry "BRA"]
[SourceTitle "EXT 2023"]
[Source "ChessBase"]
[SourceDate "2022.10.05"]
[SourceVersion "1"]
[SourceVersionDate "2022.10.05"]
[SourceQuality "1"]

1. e4 e5 2. d4 exd4 3. Bc4 Nc6 4. Nf3 Nf6 5. 0-0 Nxe4 6. Re1 d5 7. Bxd5 Qxd5 8. Nc3 Qh5 9. Nxe4 Be6 10. Nxd4 Qxd1 11. Rxd1 0-0-0 12. Be3 Nxd4 13. Rxd4 Be7 14. c3 a6 15. b3 f5 16. Nc5 Bf7 17. Rad1 Rxd4 18. cxd4 Rd8 19. Rd2 Bf6 20. f3 a5 21. Na4 b6 22. Kf2 Kb7 23. Ke2 Re8 24. Kd3 g5 25. Nc3 c5 26. Ne2 f4 27. Bf2 Bg6+ 28. Kc4 Kc6 29. d5+ Kd6 30. h4 Rxe2 31. Bxc5+ Kd7 32. Rxe2 b5+ 33. Kxb5 Bd3+ 34. Kxa5 Bxe2 35. hxg5 Bd8+ 36. Kb4 Bf1 37. a4 Bxg2 38. Kc4 Bxf3 39. b4 Bd1 40. Bf2 Bxa4 41. Bh4 f3 42. g6 hxg6 0-1

[Event "Florianopolis op 8th"]
[Site "Florianopolis"]
[Date "2022.01.29"]
[Round "8"]
[White "Florianovitz, Derlei Alex"]
[Black "Abrantes, Tiago Garrido"]
[Result "1-0"]
[WhiteElo "2040"]
[BlackElo "2187"]
[PlyCount "69"]
[EventDate "2022.01.24"]
[EventType "swiss"]
[EventRounds "10"]
[EventCountry "BRA"]
[SourceTitle "EXT 2023"]
[Source "ChessBase"]
[SourceDate "2022.10.05"]
[SourceVersion "1"]
[SourceVersionDate "2022.10.05"]
[SourceQuality "1"]

1. e4 e5 2. Nf3 Nc6 3. Bb5 a6 4. Ba4 Nf6 5. 0-0 Be7 6. Re1 b5 7. Bb3 d6 8. c3 0-0 9. h3 Nd7 10. d4 Bf6 11. Be3 Na5 12. Bc2 Nc4 13. Bc1 c5 14. b3 Ncb6 15. d5 a5 16. Be3 g6 17. Nbd2 Bg7 18. g4 h6 19. Nf1 c4 20. Ng3 Qc7 21. Qd2 Kh7 22. Nh4 Nc5 23. g5 hxg5 24. Bxg5 Qd7 25. Nhf5 gxf5 26. Nxf5 f6 27. Bh6 Rg8 28. Kh2 Bh8 29. Rg1 Rxg1 30. Rxg1 Qf7 31. Bf8 Qxf8 32. Qe2 Qf7 33. Qg4 Bg7 34. Qh4+ Kg8 35. Nxg7 1-0

[Event "Florianopolis op 8th"]
[Site "Florianopolis"]
[Date "2022.01.24"]
[Round "1"]
[White "Abrantes, Tiago Garrido"]
[Black "Franzen, Mark Scheer"]
[Result "1-0"]
[WhiteElo "2187"]
[BlackElo "1649"]
[PlyCount "37"]
[EventDate "2022.01.24"]
[EventType "swiss"]
[EventRounds "10"]
[EventCountry "BRA"]
[SourceTitle "CBM 206 Extra"]
[Source "ChessBase"]
[SourceDate "2022.03.31"]
[SourceVersion "1"]
[SourceVersionDate "2022.03.31"]
[SourceQuality "1"]

1. d4 d5 2. c4 c6 3. Nf3 Nf6 4. e3 Bf5 5. Nc3 e6 6. Nh4 Bg6 7. Qb3 Qc7 8. Nxg6 hxg6 9. g3 Nbd7 10. Bg2 Nb6 11. cxd5 cxd5 12. 0-0 a6 13. a4 Bd6 14. e4 dxe4 15. Nxe4 Nxe4 16. Bxe4 f5 17. Qxe6+ Kf8 18. Bg2 Rh6 19. Bxh6 1-0

[Event "BRA-ch 87th"]
[Site "Cuiaba"]
[Date "2021.11.02"]
[Round "9"]
[White "Abrantes, Tiago Garrido"]
[Black "Pereira, Geanfrancesco"]
[Result "1/2-1/2"]
[WhiteElo "2178"]
[BlackElo "2023"]
[PlyCount "111"]
[EventDate "2021.10.28"]
[EventType "swiss"]
[EventRounds "11"]
[EventCountry "BRA"]
[SourceTitle "CBM 205 Extra"]
[Source "ChessBase"]
[SourceDate "2022.01.31"]
[SourceVersion "1"]
[SourceVersionDate "2022.01.31"]
[SourceQuality "1"]

1. d4 Nf6 2. c4 g6 3. g3 Bg7 4. Bg2 0-0 5. Nc3 d6 6. Nf3 c6 7. 0-0 Qa5 8. d5 a6 9. Nd2 Ng4 10. Qc2 e5 11. h3 Nh6 12. Rb1 Qd8 13. b4 cxd5 14. cxd5 f5 15. e4 Nd7 16. Nf3 Nb6 17. Ng5 fxe4 18. Ngxe4 Nf5 19. Qd3 Qc7 20. Ng5 Nd4 21. Ne2 Bf5 22. Be4 Bxe4 23. Qxe4 Nxe2+ 24. Qxe2 Qc4 25. Qxc4 Nxc4 26. Kg2 Rac8 27. Ne4 b5 28. Rd1 h6 29. Ra1 Kf7 30. a4 Ra8 31. Be3 Ke7 32. Ra2 Rfc8 33. axb5 axb5 34. Rda1 Rxa2 35. Rxa2 Rc7 36. Ra8 Nxe3+ 37. fxe3 Bf8 38. Rb8 Rc4 39. Rb7+ Kd8 40. Nf6 h5 41. Rd7+ Kc8 42. Rh7 Kd8 43. Rd7+ Kc8 44. Rh7 Kd8 45. g4 hxg4 46. hxg4 Rxb4 47. g5 Be7 48. Rh8+ Kc7 49. Rh7 Kd8 50. Rh8+ Kc7 51. Kf3 Rb1 52. Kf2 b4 53. Rh7 Kd8 54. Rh8+ Kc7 55. Rh7 Kd8 56. Rh8+ 1/2-1/2

[Event "BRA-ch 87th"]
[Site "Cuiaba"]
[Date "2021.10.29"]
[Round "2"]
[White "Santanna, Paulo"]
[Black "Abrantes, Tiago Garrido"]
[Result "0-1"]
[WhiteElo "1894"]
[BlackElo "2178"]
[PlyCount "62"]
[EventDate "2021.10.28"]
[EventType "swiss"]
[EventRounds "11"]
[EventCountry "BRA"]
[SourceTitle "CBM 205 Extra"]
[Source "ChessBase"]
[SourceDate "2022.01.31"]
[SourceVersion "1"]
[SourceVersionDate "2022.01.31"]
[SourceQuality "1"]

1. d4 Nf6 2. Nc3 d5 3. Bf4 Bf5 4. f3 e6 5. g4 Bg6 6. h4 h6 7. e3 c5 8. Nb5 Na6 9. c3 Qb6 10. a4 Be7 11. Bd3 Bxd3 12. Qxd3 c4 13. Qc2 Rc8 14. Qh2 Kd7 15. Ne2 Nb8 16. 0-0 a6 17. Na3 Nc6 18. e4 Na5 19. Be5 dxe4 20. fxe4 Nxg4 21. Qf4 h5 22. Bxg7 Rhg8 23. Qxf7 Ne5 24. Qxh5 Rxg7+ 25. Kh1 Nd3 26. d5 e5 27. b4 Qe3 28. Qf5+ Kc7 29. Nd4 exd4 30. d6+ Bxd6 31. Qxa5+ Kb8 0-1

[Event "BRA-ch 87th"]
[Site "Cuiaba"]
[Date "2021.10.28"]
[Round "1"]
[White "Abrantes, Tiago Garrido"]
[Black "Boabaid, Jorge Alberto Duard"]
[Result "1-0"]
[WhiteElo "2178"]
[BlackElo "1712"]
[PlyCount "49"]
[EventDate "2021.10.28"]
[EventType "swiss"]
[EventRounds "11"]
[EventCountry "BRA"]
[SourceTitle "CBM 205 Extra"]
[Source "ChessBase"]
[SourceDate "2022.01.31"]
[SourceVersion "1"]
[SourceVersionDate "2022.01.31"]
[SourceQuality "1"]

1. d4 Nf6 2. c4 e6 3. g3 d5 4. Nf3 c6 5. Bg2 Bd6 6. Qc2 Nbd7 7. Nbd2 e5 8. cxd5 cxd5 9. dxe5 Nxe5 10. Nxe5 Bxe5 11. Nf3 Bd6 12. 0-0 h6 13. b3 0-0 14. Bb2 Bg4 15. Qd3 Re8 16. e3 Rc8 17. Rac1 Rxc1 18. Rxc1 Qe7 19. Bxf6 Qxf6 20. Qxd5 Qb2 21. Rd1 Bc7 22. Qc4 Bxf3 23. Bxf3 Bb6 24. Rd7 Qf6 25. Rxf7 1-0

[Event "Rio de Janeiro Duchamp op 3rd"]
[Site "Rio de Janeiro"]
[Date "2019.12.12"]
[Round "8"]
[White "Abrantes, Tiago Garrido"]
[Black "Labussiere, Victor"]
[Result "0-1"]
[WhiteElo "2159"]
[BlackElo "2295"]
[PlyCount "164"]
[EventDate "2019.12.07"]
[EventType "swiss"]
[EventRounds "9"]
[EventCountry "BRA"]
[SourceTitle "CBM 193 Extra"]
[Source "ChessBase"]
[SourceDate "2020.01.31"]
[SourceVersion "1"]
[SourceVersionDate "2020.01.31"]
[SourceQuality "1"]

1. d4 Nf6 2. Nf3 e6 3. c4 c5 4. Nc3 cxd4 5. Nxd4 a6 6. e4 d6 7. Be2 Be7 8. 0-0 0-0 9. Be3 Nbd7 10. Qd2 Qc7 11. Rac1 b6 12. Rfd1 Bb7 13. f3 Rac8 14. Bf1 Qb8 15. Qf2 Rfe8 16. b3 Bd8 17. g4 Bc7 18. g5 Nh5 19. Nde2 g6 20. Ng3 Ng7 21. Rc2 Ba8 22. Bd4 Rf8 23. Rcc1 f6 24. gxf6 Nxf6 25. Qb2 Nfh5 26. Bg2 Rf7 27. Nce2 Rcf8 28. Rd3 Bb7 29. a4 Re8 30. Rcd1 Bc6 31. Qc1 Qb7 32. Bf2 Bb8 33. Be3 Bc7 34. Nd4 Qb8 35. Qd2 Ba8 36. Nde2 b5 37. axb5 axb5 38. cxb5 Qxb5 39. Nd4 Qb8 40. f4 e5 41. fxe5 dxe5 42. Nde2 Nf4 43. Rd7 Qxb3 44. Rxf7 Qxf7 45. Rf1 Nge6 46. Qc2 h5 47. Nc3 Rf8 48. Nd5 Bd8 49. Ne2 g5 50. Qb2 Qg7 51. Ng3 Nxg2 52. Rxf8+ Qxf8 53. Qxg2 Qf7 54. Nf5 Kh7 55. Qa2 Bc6 56. Qc4 Qb7 57. Nb4 Bd7 58. Qd5 Qxd5 59. Nxd5 Kg6 60. Kf2 Ba4 61. Bb6 Bf6 62. Nxf6 Kxf6 63. Ne3 Bc6 64. Nd5+ Bxd5 65. exd5 Nf4 66. Bd8+ Kf5 67. d6 g4 68. d7 Nd3+ 69. Kg3 Nc5 70. h3 Nxd7 71. hxg4+ hxg4 72. Bc7 Kg5 73. Bd8+ Kf5 74. Bc7 Nf6 75. Bd8 Nh5+ 76. Kh4 Nf4 77. Bc7 e4 78. Kg3 Nd5 79. Ba5 e3 80. Be1 Nf6 81. Ba5 Ne4+ 82. Kg2 e2 0-1

[Event "Rio de Janeiro Duchamp op 3rd"]
[Site "Rio de Janeiro"]
[Date "2019.12.08"]
[Round "2"]
[White "Abrantes, Tiago Garrido"]
[Black "Galego, Luis"]
[Result "0-1"]
[WhiteElo "2159"]
[BlackElo "2483"]
[PlyCount "66"]
[EventDate "2019.12.07"]
[EventType "swiss"]
[EventRounds "9"]
[EventCountry "BRA"]
[SourceTitle "CBM 193 Extra"]
[Source "ChessBase"]
[SourceDate "2020.01.31"]
[SourceVersion "1"]
[SourceVersionDate "2020.01.31"]
[SourceQuality "1"]

1. d4 Nf6 2. c4 e6 3. g3 Bb4+ 4. Bd2 Bxd2+ 5. Qxd2 d5 6. Bg2 0-0 7. Nf3 Nbd7 8. 0-0 Qe7 9. b3 dxc4 10. bxc4 e5 11. Nc3 exd4 12. Qxd4 c6 13. e4 Nc5 14. e5 Nfd7 15. Rad1 Nb6 16. Ne4 Nxe4 17. Qxe4 Be6 18. Rd4 Rad8 19. Rfd1 Nxc4 20. h4 Bd5 21. Rxd5 Rxd5 22. Rxd5 cxd5 23. Qxd5 Rc8 24. Qe4 Rc5 25. Ng5 Qxe5 26. Qxb7 Nd6 27. Qxa7 h6 28. Nf3 Rc1+ 29. Kh2 Qc5 30. Qe7 Rc2 31. Ne1 Rxf2 32. Nd3 Rxg2+ 33. Kxg2 Qd5+ 0-1

[Event "American Continental 15th"]
[Site "Sao Paulo"]
[Date "2019.07.12"]
[Round "10"]
[White "Soares, Reynaldo Magalhaes"]
[Black "Abrantes, Tiago Garrido"]
[Result "0-1"]
[WhiteElo "1985"]
[BlackElo "2177"]
[PlyCount "74"]
[EventDate "2019.07.05"]
[EventType "swiss"]
[EventRounds "11"]
[EventCountry "BRA"]
[SourceTitle "CBM 191 Extra"]
[Source "ChessBase"]
[SourceDate "2019.09.30"]
[SourceVersion "1"]
[SourceVersionDate "2019.09.30"]
[SourceQuality "1"]

1. d4 Nf6 2. c4 g6 3. Nc3 d5 4. cxd5 Nxd5 5. e4 Nxc3 6. bxc3 Bg7 7. Bc4 c5 8. Be3 0-0 9. Ne2 Nc6 10. 0-0 Qc7 11. Rc1 b6 12. Qd2 Rd8 13. Bf4 Qd7 14. Bb5 a6 15. Bxc6 Qxc6 16. d5 Qd7 17. Rb1 b5 18. Qe3 Qa7 19. Rfd1 e6 20. Qg3 exd5 21. exd5 Bf5 22. Rbc1 Re8 23. Be3 Be5 24. Bf4 Qe7 25. Bxe5 Qxe5 26. Qxe5 Rxe5 27. Nf4 Rd8 28. h4 Rd6 29. c4 Re4 30. Nd3 Rxc4 31. Nxc5 Bc2 32. Nb7 Bxd1 33. Rxc4 bxc4 34. Nxd6 c3 35. Nb7 c2 36. d6 c1Q 37. d7 Bg4+ 0-1

[Event "American Continental 15th"]
[Site "Sao Paulo"]
[Date "2019.07.09"]
[Round "7"]
[White "Abrantes, Tiago Garrido"]
[Black "Gemy Vargas, Jose Daniel"]
[Result "0-1"]
[WhiteElo "2177"]
[BlackElo "2371"]
[PlyCount "66"]
[EventDate "2019.07.05"]
[EventType "swiss"]
[EventRounds "11"]
[EventCountry "BRA"]
[SourceTitle "CBM 191 Extra"]
[Source "ChessBase"]
[SourceDate "2019.09.30"]
[SourceVersion "1"]
[SourceVersionDate "2019.09.30"]
[SourceQuality "1"]

1. d4 d5 2. c4 e6 3. Nf3 Be7 4. g3 Nf6 5. Bg2 0-0 6. 0-0 dxc4 7. Qc2 a6 8. Qxc4 b5 9. Qc2 Bb7 10. Bd2 Be4 11. Qc1 Nbd7 12. Ba5 Ra7 13. Nbd2 Bd5 14. Qc2 Qa8 15. b4 Ne4 16. Rac1 Nxd2 17. Qxd2 Nb6 18. Rfe1 Nc4 19. Rxc4 bxc4 20. Qf4 f5 21. Bf1 Qc6 22. a3 Qa4 23. Qc1 Bf6 24. Ne5 Bxe5 25. dxe5 Qb3 26. Rd1 Rb7 27. e3 Rc8 28. Rd4 c5 29. Rxc4 Bxc4 30. Qxc4 Qxc4 31. Bxc4 Rc6 32. bxc5 Rb1+ 33. Kg2 Rc1 0-1

[Event "American Continental 15th"]
[Site "Sao Paulo"]
[Date "2019.07.09"]
[Round "6"]
[White "Abrantes, Tiago Garrido"]
[Black "Japiassu, Ricardo de Villa No"]
[Result "1-0"]
[WhiteElo "2177"]
[BlackElo "1990"]
[PlyCount "119"]
[EventDate "2019.07.05"]
[EventType "swiss"]
[EventRounds "11"]
[EventCountry "BRA"]
[SourceTitle "CBM 191 Extra"]
[Source "ChessBase"]
[SourceDate "2019.09.30"]
[SourceVersion "1"]
[SourceVersionDate "2019.09.30"]
[SourceQuality "1"]

1. d4 Nf6 2. c4 c5 3. Nf3 cxd4 4. Nxd4 b6 5. Nc3 Bb7 6. f3 d6 7. e4 Nbd7 8. Be2 a6 9. 0-0 e6 10. Be3 Be7 11. Qd2 Qc7 12. Rac1 0-0 13. Rfd1 Rfe8 14. Bf1 Rac8 15. Qf2 Qb8 16. b3 Ba8 17. Rc2 Bf8 18. g4 Ne5 19. g5 Nfd7 20. h4 Rcd8 21. Bh3 Nc5 22. Rcd2 Nc6 23. Nxc6 Bxc6 24. b4 Nd7 25. Ne2 Ba8 26. Rc2 Bc6 27. Nd4 Ba4 28. Nb3 b5 29. cxb5 Bxb3 30. axb3 Qxb5 31. Rd4 Ne5 32. Bf1 Qb7 33. b5 axb5 34. Rb4 Re7 35. Rxb5 Qa8 36. Kg2 Rb7 37. Ra2 Qc8 38. Rc2 Qb8 39. Rxb7 Qxb7 40. Rb2 g6 41. Bd4 Bg7 42. b4 d5 43. Qg3 Nc6 44. Bxg7 Kxg7 45. Qf4 Qb6 46. b5 Kg8 47. Rd2 Na7 48. exd5 Rxd5 49. Rxd5 exd5 50. Qe5 d4 51. Qe8+ Kg7 52. Qe5+ Kg8 53. Bd3 Qd8 54. h5 gxh5 55. Qf5 Kf8 56. Bc4 Qe7 57. b6 Nc6 58. Qc8+ Nd8 59. b7 Qxg5+ 60. Kh3 1-0

[Event "American Continental 15th"]
[Site "Sao Paulo"]
[Date "2019.07.07"]
[Round "4"]
[White "Abrantes, Tiago Garrido"]
[Black "Di Berardino, Diego Rafael"]
[Result "0-1"]
[WhiteElo "2177"]
[BlackElo "2506"]
[PlyCount "86"]
[EventDate "2019.07.05"]
[EventType "swiss"]
[EventRounds "11"]
[EventCountry "BRA"]
[SourceTitle "CBM 191 Extra"]
[Source "ChessBase"]
[SourceDate "2019.09.30"]
[SourceVersion "1"]
[SourceVersionDate "2019.09.30"]
[SourceQuality "1"]

1. c4 c5 2. g3 Nf6 3. Bg2 d5 4. cxd5 Nxd5 5. Nf3 Nc6 6. 0-0 e5 7. d3 Be7 8. Nc3 Nc7 9. b3 Be6 10. Bb2 Qd7 11. Re1 0-0 12. Rc1 f6 13. Ne4 b6 14. Qc2 Rac8 15. Qb1 Nd5 16. e3 Bh3 17. Bh1 Bg4 18. a3 Kh8 19. Bg2 Rfd8 20. Ned2 Nc7 21. Bf1 Bf8 22. Be2 Ne6 23. Rcd1 Qe8 24. Kg2 Qh5 25. Ng1 Bxe2 26. Nxe2 Rd7 27. Nf3 Rcd8 28. Qc2 Rd6 29. Qc4 Qf7 30. Kg1 Na5 31. Qc2 Qb7 32. e4 Qd7 33. b4 cxb4 34. axb4 Nc6 35. b5 Nb4 36. Qc4 Nxd3 37. Ba3 Nxe1 38. Rxe1 Rd3 39. Bxf8 Rxf3 40. Bb4 Rd3 41. Rc1 Rd1+ 42. Rxd1 Qxd1+ 43. Kg2 Qd3 0-1

[Event "American Continental 15th"]
[Site "Sao Paulo"]
[Date "2019.07.06"]
[Round "2"]
[White "Abrantes, Tiago Garrido"]
[Black "Cubas, Jose Fernando"]
[Result "0-1"]
[WhiteElo "2177"]
[BlackElo "2493"]
[PlyCount "130"]
[EventDate "2019.07.05"]
[EventType "swiss"]
[EventRounds "11"]
[EventCountry "BRA"]
[SourceTitle "CBM 191 Extra"]
[Source "ChessBase"]
[SourceDate "2019.09.30"]
[SourceVersion "1"]
[SourceVersionDate "2019.09.30"]
[SourceQuality "1"]

1. d4 Nf6 2. c4 e6 3. g3 c5 4. Nf3 cxd4 5. Nxd4 d5 6. Bg2 e5 7. Nf3 d4 8. 0-0 Nc6 9. e3 Bc5 10. exd4 exd4 11. Bg5 Be6 12. Nbd2 0-0 13. a3 Be7 14. Rc1 h6 15. Bxf6 Bxf6 16. Ne4 Be7 17. Re1 a5 18. Qa4 Qb6 19. Qb5 Qc7 20. Nc5 Bc8 21. Nd3 a4 22. Nfe5 Ra6 23. Nxc6 bxc6 24. Qe5 Qxe5 25. Nxe5 c5 26. Bd5 Be6 27. Bxe6 Rxe6 28. Nd3 Bd6 29. Rxe6 fxe6 30. Kg2 g5 31. Re1 Rf6 32. g4 Kf7 33. Re4 Ke7 34. f3 Kd7 35. Re1 Rf8 36. Rh1 Rb8 37. Kf2 h5 38. h3 h4 39. Rd1 Bg3+ 40. Kg2 Kd6 41. Rd2 Bf4 42. Rd1 Be3 43. Kf1 e5 44. Ke2 Re8 45. Rf1 Re7 46. Kd1 Rb7 47. Ke2 Bf4 48. Kd1 Bg3 49. Kd2 Re7 50. Kd1 Kc6 51. Kd2 Kd6 52. Kd1 Re8 53. Kd2 Bf4+ 54. Kd1 e4 55. fxe4 Rxe4 56. Rf3 Re8 57. Nxf4 Rf8 58. b3 gxf4 59. bxa4 Ke5 60. a5 Ke4 61. Rb3 f3 62. Ke1 d3 63. Kf2 d2 64. Re3+ Kd4 65. Re7 Rd8 0-1

[Event "Brasilia Terraviva op"]
[Site "Brasilia"]
[Date "2019.01.12"]
[Round "4"]
[White "Soares, Renan Barbosa Monte"]
[Black "Abrantes, Tiago Garrido"]
[Result "0-1"]
[WhiteElo "1972"]
[BlackElo "2169"]
[PlyCount "136"]
[EventDate "2019.01.10"]
[EventType "swiss"]
[EventRounds "7"]
[EventCountry "BRA"]
[SourceTitle "CBM 188 Extra"]
[Source "ChessBase"]
[SourceDate "2019.02.26"]
[SourceVersion "1"]
[SourceVersionDate "2019.02.26"]
[SourceQuality "1"]

1. d4 Nf6 2. c4 g6 3. Nc3 d5 4. cxd5 Nxd5 5. e4 Nxc3 6. bxc3 Bg7 7. Bc4 c5 8. Be3 0-0 9. Ne2 Nc6 10. 0-0 Qc7 11. Rc1 b6 12. Bd5 Bb7 13. Bxc6 Qxc6 14. d5 Qd7 15. c4 e6 16. Qb3 exd5 17. exd5 Rfe8 18. Rb1 Be5 19. Nc1 Qc7 20. g3 Bc8 21. Nd3 Bxg3 22. hxg3 Rxe3 23. fxe3 Qxg3+ 24. Kh1 Qh3+ 25. Kg1 Qg3+ 26. Kh1 Bg4 27. Ne1 Be2 28. Ng2 Bxf1 29. Rxf1 Re8 30. Qd1 Re5 31. Rf3 Rh5+ 32. Kg1 Qh2+ 33. Kf2 Rg5 34. Qg1 Qe5 35. Qf1 h5 36. e4 h4 37. Qg1 Rg4 38. Rf4 Qg5 39. Qh1 Rxf4+ 40. Nxf4 Qxf4+ 41. Ke2 g5 42. Kd3 Qg3+ 43. Kc2 h3 44. d6 Qxd6 45. Qxh3 Qd4 46. Qc8+ Kg7 47. Qf5 Qxc4+ 48. Kb2 Qd4+ 49. Kc2 f6 50. Qe6 Qe5 51. Qd7+ Kg6 52. Qxa7 Qxe4+ 53. Kb2 Qd4+ 54. Kc2 c4 55. Qe7 Qd3+ 56. Kc1 Qc3+ 57. Kb1 Qe5 58. Qd8 Qe6 59. Ka1 g4 60. Qd2 Qe5+ 61. Kb1 b5 62. Qg2 f5 63. Qc6+ Kg5 64. Qc8 g3 65. Qd8+ Kh5 66. Qd1+ Kg6 67. Qd8 Qe6 68. Qd2 f4 0-1

[Event "Brasilia Terraviva op"]
[Site "Brasilia"]
[Date "2019.01.11"]
[Round "3"]
[White "Abrantes, Tiago Garrido"]
[Black "El Debs, Felipe de Cresce"]
[Result "1/2-1/2"]
[WhiteElo "2169"]
[BlackElo "2526"]
[PlyCount "77"]
[EventDate "2019.01.10"]
[EventType "swiss"]
[EventRounds "7"]
[EventCountry "BRA"]
[SourceTitle "CBM 188 Extra"]
[Source "ChessBase"]
[SourceDate "2019.02.26"]
[SourceVersion "1"]
[SourceVersionDate "2019.02.26"]
[SourceQuality "1"]

1. d4 Nf6 2. c4 e6 3. g3 d5 4. Bg2 Bb4+ 5. Bd2 Bd6 6. Nf3 0-0 7. 0-0 Nbd7 8. Qc2 c6 9. b3 Ne4 10. Nc3 f5 11. Bf4 Bxf4 12. gxf4 b6 13. e3 Nd6 14. Rac1 Ba6 15. Rfd1 Qe7 16. Ne5 Rac8 17. Qb2 Nxe5 18. dxe5 Ne4 19. Ne2 Rfd8 20. b4 dxc4 21. f3 c3 22. Nxc3 Nxc3 23. Qxc3 c5 24. Rxd8+ Rxd8 25. bxc5 bxc5 26. Bf1 Bxf1 27. Kxf1 Qb7 28. Kf2 h6 29. Rc2 Qb1 30. Rd2 Rxd2+ 31. Qxd2 Kh7 32. Kg2 c4 33. a4 Kg6 34. Qd7 Kh7 35. a5 Qc2+ 36. Kg3 Qb1 37. Qxe6 Qg1+ 38. Kh3 Qf1+ 39. Kg3 1/2-1/2

[Event "Brasilia Terraviva op"]
[Site "Brasilia"]
[Date "2018.01.13"]
[Round "4"]
[White "Abrantes, Tiago Garrido"]
[Black "Cubas, Jose Fernando"]
[Result "0-1"]
[WhiteElo "2158"]
[BlackElo "2472"]
[PlyCount "100"]
[EventDate "2018.01.11"]
[EventType "swiss"]
[EventRounds "7"]
[EventCountry "BRA"]
[SourceTitle "CBM 182 Extra"]
[Source "ChessBase"]
[SourceDate "2018.02.23"]
[SourceVersion "1"]
[SourceVersionDate "2018.02.23"]
[SourceQuality "1"]

1. d4 Nf6 2. c4 g6 3. g3 Bg7 4. Bg2 0-0 5. Nc3 d6 6. e3 c5 7. Nge2 Nc6 8. d5 Na5 9. b3 a6 10. Rb1 Bd7 11. 0-0 Qc7 12. a4 Rab8 13. Qd3 Rfc8 14. Bd2 Qd8 15. h3 Qe8 16. e4 Qd8 17. Be3 b6 18. f4 Ne8 19. Rfc1 Nc7 20. Bd2 Nb7 21. Kh2 Qe8 22. Nd1 b5 23. axb5 axb5 24. Ne3 Na6 25. cxb5 Bxb5 26. Nc4 Nb4 27. Qe3 Qd8 28. Bxb4 cxb4 29. Nd4 Bxd4 30. Qxd4 Bxc4 31. Rxc4 Rxc4 32. Qxc4 Qa5 33. Qc2 Qc5 34. Qd2 Rc8 35. Ra1 Na5 36. Qa2 Nb7 37. Qa6 Rb8 38. e5 Qc3 39. Qa7 Re8 40. Ra6 Nc5 41. Rc6 Qxb3 42. exd6 exd6 43. Rxd6 Ne4 44. Bxe4 Rxe4 45. Rd8+ Kg7 46. Qa1+ Kh6 47. h4 Re2+ 48. Kh3 Qc2 49. Qh1 Qf5+ 50. g4 Qd3+ 0-1

[Event "Brasilia Viva op"]
[Site "Brasilia"]
[Date "2017.04.30"]
[Round "4"]
[White "Delgado Ramirez, Neuris"]
[Black "Abrantes, Tiago Garrido"]
[Result "1-0"]
[WhiteElo "2603"]
[BlackElo "2134"]
[PlyCount "69"]
[EventDate "2017.04.28"]
[EventType "swiss"]
[EventRounds "7"]
[EventCountry "BRA"]
[SourceTitle "CBM 178 Extra"]
[Source "ChessBase"]
[SourceDate "2017.06.22"]
[SourceVersion "1"]
[SourceVersionDate "2017.06.22"]
[SourceQuality "1"]

1. e4 c5 2. Nf3 e6 3. d4 cxd4 4. Nxd4 a6 5. Nc3 Qc7 6. f4 d6 7. Bd3 Nf6 8. Qe2 Nc6 9. Nf3 Be7 10. Bd2 b5 11. 0-0 0-0 12. e5 Nd7 13. exd6 Bxd6 14. Ne4 h6 15. Nxd6 Qxd6 16. c3 Bb7 17. Rad1 Qc7 18. Bc2 Rad8 19. Be3 Nf6 20. Nd4 Na5 21. Bc1 Nc4 22. Rfe1 Qc5 23. a3 Rfe8 24. Qf2 Qb6 25. h3 Nd6 26. Nf3 Qxf2+ 27. Kxf2 Nde4+ 28. Kg1 Nc5 29. Nd4 Rd7 30. Re5 Be4 31. Bxe4 Nfxe4 32. Rf1 f5 33. Nxf5 Nf6 34. Nxh6+ gxh6 35. Rxc5 1-0